000 00288nam a22001097a 4500
008 170118b xxu||||| |||| 00| 0 eng d
020 _a9780323012690
041 _aeng
080 _23RD
_a618.2
245 _aSTUDY GUIDE FOR PHARMACOLOGY AND THE NURSES PROCESS
_cSNYDER, J.S
942 _2udc
_cBK
999 _c3138
_d3138